| 000 | 00357nam a2200145Ia 4500 | ||
|---|---|---|---|
| 008 | 230917s9999||||xx |||||||||||||| ||und|| | ||
| 040 |
_e25269 _aMAIN |
||
| 041 | _aEnglish | ||
| 082 | _a658.4 H529O | ||
| 100 | _aHicks, Herbert G | ||
| 245 | 0 | _aOrganization: Theory and behavior | |
| 260 |
_aLondon _bMcGraw-Hill _c1976 |
||
| 300 | _a446 p. | ||
| 942 | _cBK | ||
| 999 |
_c232380 _d232380 |
||